Programming language concepts (Record no. 5239)

MARC details
000 -LEADER
fixed length control field 00459nam a2200181Ia 4500
003 - CONTROL NUMBER IDENTIFIER
control field SGT
020 ## - INTERNATIONAL STANDARD BOOK NUMBER
International Standard Book Number 9788126518616
082 ## - DEWEY DECIMAL CLASSIFICATION NUMBER
Classification number 5.13
Item number GHE
100 ## - MAIN ENTRY--PERSONAL NAME
Personal name Ghezzi,Carlo
245 ## - TITLE STATEMENT
Title Programming language concepts
250 ## - EDITION STATEMENT
Edition statement 3rd Ed.
260 ## - PUBLICATION, DISTRIBUTION, ETC. (IMPRINT)
Name of publisher, distributor, etc Wiley India Pvt. Ltd.
Place of publication, distribution, etc N.Delhi
Year of Publication 2010
300 ## - PAGE DESCRIPTION
No. of Pages 427p.
650 ## - SUBJECT ADDED ENTRY--TOPICAL TERM
Topical term or geographic name as entry element COMPUTER SCIENCE
653 ## - KEYWORDS--INDEX TERM
Keyword term STRUCTURING THE DATA, STRUCTURING THE COMPUTATION
700 ## - ADDED ENTRY--PERSONAL NAME
Personal name Jazayeri,Mehdi
942 ## - ADDED ENTRY ELEMENTS (KOHA)
Source of classification or shelving scheme Dewey Decimal Classification
Koha item type Books
942 ## - ADDED ENTRY ELEMENTS (KOHA)
-- 5
Holdings
Withdrawn status Lost status Source of classification or shelving scheme Damaged status Not for loan Home library Current library Date acquired SGTU Total Checkouts Total Renewals Full call number Accession No. (Barcode) Date last seen Date last borrowed Bill Date Koha item type Use restrictions Collection code Shelving location
    Dewey Decimal Classification     SGT Engineering Library SGT Engineering Library 28/06/2011 SGTU 4 1 5.13 GHE FE3483 14/12/2023 08/12/2023 09/02/2015 Books      
    Dewey Decimal Classification   Not For Loan SGT Engineering Library SGT Engineering Library 28/06/2011 SGTU     5.13 GHE FE3484 09/02/2015   09/02/2015 Books Restricted Access ENGINEERING Reference Book
    Dewey Decimal Classification     SGT Engineering Library SGT Engineering Library 28/06/2011 SGTU 11   5.13 GHE FE3485 18/12/2025 18/12/2025 09/02/2015 Books      
    Dewey Decimal Classification     SGT Engineering Library SGT Engineering Library 28/06/2011 SGTU     5.13 GHE FE3486 09/02/2015   09/02/2015 Books      
    Dewey Decimal Classification     SGT Engineering Library SGT Engineering Library 28/06/2011 SGTU 2 1 5.13 GHE FE3487 28/03/2025 28/03/2025 09/02/2015 Books